=LDR 00000nam 2200000 4500 =001 000411 =005 20250710033203 =035 ##$$a 0010-0725000273 =007 ta =008 250710################a##########0#ind## =020 ##$$a 978-623-307-395-0 =082 ##$$a 398.209 598 =084 ##$$a 398.209 598 MIE p =100 #$$a Miesso, Bonsamo =245 1#$$a Pemimpin Babun /$c Bonsoma Miesso dan Elizabeth Laird =250 ##$$a Cetakan Pertama =260 ##$$a Jakarta Timur :$b Badan Pengembangan dan Pembinaan Bahasa,$c 2024 =300 ##$$a 16 hlm. : $b Ilus. ; $c 29 cm =650 #4$$a cerita anak indonesia-terjemahan =650 #4$$a Literasi-Bahan Bacaan =700 #$$a Laird, Elizabeth =856 ##$$a TBM As-suhada =990 ##$$a TBM01350135